000 00932nac a22002171u 4500
010 _a 77084465
020 _a0872014738
082 0 0 _a658.4
_bBLA
090 _c9123
_d9123
100 _aBlake, Robert Rogers,
245 1 4 _aThe new managerial grid :
_bstrategic new insights into a proven system for increasing organization productivity and individual effectiveness, plus a revealing examination of how your managerial style can affect your mental and physical health /
_cRobert R. Blake, Jane Srygley Mouton.
260 _aHouston :
_bGulf Pub. Co., Book Division,1978
_c1978.
300 _aix, 329 p. ;
_c24 cm.
500 _aEdition of 1964 published under title: The managerial grid.
500 _aIncludes indexes.
504 _aBibliography: p. 233-311.
650 0 _aManagement.
650 0 _aIndustrial management.
700 1 _aMouton, Jane Srygley,
942 _cBB
_k658.4BLA
999 _c9123
_d9123